Muslims and Modernization (Record no. 6438)

MARC details
000 -LEADER
fixed length control field 00641nam a2200253 a 4500
020 ## - INTERNATIONAL STANDARD BOOK NUMBER
ISBN 8170332
082 00 - DEWEY DECIMAL CLASSIFICATION NUMBER
Classification number 305.6297054
Author Cutter JAI
100 ## - MAIN ENTRY--AUTHOR NAME
Author name Jain, Sushila
245 ## - TITLE STATEMENT
Title Muslims and Modernization
260 ## - PUBLICATION, DISTRIBUTION, ETC. (IMPRINT)
Place of publication Jaipur
Name of publisher Rawat Publications
Year of publication 1986
300 ## - PHYSICAL DESCRIPTION
Number of Pages 248p
500 ## - GENERAL NOTE
General note includes index and biblioraphy
505 2# - FORMATTED CONTENTS NOTE
Formatted contents note Notes and Refernces
650 ## - SUBJECT ADDED ENTRY--TOPICAL TERM
Topical Term Muslims-India
650 ## - SUBJECT ADDED ENTRY--TOPICAL TERM
Topical Term Islam-India-20th Century
942 ## - ADDED ENTRY ELEMENTS (KOHA)
Koha item type Books
700 1# -
-- Jain, Sushila
Holdings
Collection code Home library Current library Date acquired Cost, normal purchase price Full call number Accession Number Koha item type
  Henry Martyn Institute Library Henry Martyn Institute Library 03/28/2007 150.00 305.6297054 JAI 012808 Books
                   Copyright © 2026 | Henry Martyn Institute | Hyderabad | TS-500052 | INDIA | Implemented by hmi.edu.in
Hit-Count:

Powered by Koha